[Event "SVR-ch MTB"]
[Site "Trier"]
[Date "2016.03.26"]
[Round "7"]
[White "Carella, Adriano"]
[Black "Froembgen, Wolfgang"]
[Result "1/2-1/2"]
[WhiteElo "1960"]
[BlackElo "2051"]
[PlyCount "51"]
[EventDate "2016.03.19"]
[EventType "tourn"]
[EventRounds "7"]
[EventCountry "GER"]
[SourceTitle "CBM 171 Extra"]
[Source "ChessBase"]
[SourceDate "2016.04.26"]
[SourceVersion "1"]
[SourceVersionDate "2016.04.26"]
[SourceQuality "1"]

1. e4 c5 2. Nc3 d6 3. g4 Nc6 4. Bg2 g6 5. h3 Bg7 6. d3 e6 7. Be3 Nge7 8. Qd2 h5 9. g5 Rb8 10. Nge2 Nd4 11. Nd1 Nec6 12. c3 Nxe2 13. Qxe2 Bd7 14. f4 Qe7 15. Nf2 b5 16. 0-0 b4 17. Qd2 bxc3 18. bxc3 0-0 19. Rab1 f6 20. h4 f5 21. Rfe1 Rfc8 22. Rxb8 Nxb8 23. Nh1 Qd8 24. Ng3 Qc7 25. exf5 exf5 26. Bd5+ 1/2-1/2

[Event "SVR-ch MTB"]
[Site "Trier"]
[Date "2016.03.20"]
[Round "3"]
[White "Bruziks, George"]
[Black "Carella, Adriano"]
[Result "1/2-1/2"]
[WhiteElo "2003"]
[BlackElo "1960"]
[PlyCount "56"]
[EventDate "2016.03.19"]
[EventType "tourn"]
[EventRounds "7"]
[EventCountry "GER"]
[SourceTitle "CBM 171 Extra"]
[Source "ChessBase"]
[SourceDate "2016.04.26"]
[SourceVersion "1"]
[SourceVersionDate "2016.04.26"]
[SourceQuality "1"]

1. e4 c5 2. Nf3 e6 3. c3 d5 4. e5 d4 5. cxd4 cxd4 6. Bb5+ Bd7 7. Nxd4 Qg5 8. Nf3 Qxg2 9. Rg1 Qh3 10. Nc3 Bc6 11. Rg3 Qh5 12. d4 Bb4 13. Rg5 Qh6 14. Qb3 Bxc3+ 15. bxc3 Qh3 16. c4 Ne7 17. Rxg7 Nd7 18. Bxc6 bxc6 19. Qa3 Rg8 20. Rxg8+ Nxg8 21. Rb1 Qf5 22. Rb7 c5 23. d5 Qe4+ 24. Qe3 exd5 25. Qxe4 dxe4 26. Ng5 Nxe5 27. Nxe4 0-0-0 28. Rb1 Nxc4 1/2-1/2

[Event "SVR-ch MAT-I 38th"]
[Site "Nickenich"]
[Date "2015.04.02"]
[Round "5"]
[White "Nagel, Ralf"]
[Black "Carella, Adriano"]
[Result "0-1"]
[WhiteElo "1767"]
[BlackElo "1916"]
[PlyCount "72"]
[EventDate "2015.03.28"]
[EventType "tourn"]
[EventRounds "7"]
[EventCountry "GER"]
[SourceTitle "EXT 2016"]
[Source "ChessBase"]
[SourceDate "2015.10.08"]
[SourceVersion "1"]
[SourceVersionDate "2015.10.08"]
[SourceQuality "1"]

1. Nf3 Nf6 2. g3 b6 3. Bg2 Bb7 4. d3 e6 5. e4 d6 6. c3 c5 7. Nbd2 Nbd7 8. 0-0 Qc7 9. a4 a6 10. Re1 Be7 11. d4 cxd4 12. Nxd4 0-0 13. f4 Nc5 14. Qc2 Rac8 15. b4 Ncd7 16. c4 Rfe8 17. Qd3 Bf8 18. b5 a5 19. Bb2 Nc5 20. Qc3 e5 21. Nf5 exf4 22. Nh6+ Kh8 23. gxf4 Ncxe4 24. Nxe4 Nxe4 25. Qd4 Nf6 26. Bxb7 Qxb7 27. Ba3 gxh6 28. Bxd6 Bg7 29. Be5 Rg8 30. Kf1 Qh1+ 31. Qg1 Qxg1+ 32. Kxg1 Rxc4 33. Re2 Nd7 34. Bxg7+ Rxg7+ 35. Kh1 Nc5 36. Raa2 Rc1+ 0-1

[Event "SVR-ch MAT 36th"]
[Site "Idar Oberstein"]
[Date "2013.03.28"]
[Round "4"]
[White "Fuehrer, Michael"]
[Black "Carella, Adriano"]
[Result "0-1"]
[WhiteElo "1847"]
[BlackElo "1887"]
[PlyCount "162"]
[EventDate "2013.03.23"]
[EventType "tourn"]
[EventRounds "7"]
[EventCountry "GER"]
[SourceTitle "EXT 2014"]
[Source "ChessBase"]
[SourceDate "2013.11.20"]
[SourceVersion "1"]
[SourceVersionDate "2013.11.20"]
[SourceQuality "1"]

1. e4 Nf6 2. Nc3 d5 3. exd5 Nxd5 4. Bc4 c6 5. Qf3 e6 6. Nge2 a6 7. 0-0 Qf6 8. Qg3 Nxc3 9. dxc3 Be7 10. h4 Qxh4 11. Qc7 0-0 12. Bf4 Nd7 13. Rad1 Bd8 14. Qd6 Qe7 15. Qd2 e5 16. Be3 b5 17. Bb3 Bc7 18. Bg5 Nf6 19. Ng3 Bg4 20. f3 Bb6+ 21. Kh1 Be6 22. Ne4 Nxe4 23. Bxe7 Nxd2 24. Rxd2 Rfe8 25. Bd6 c5 26. Bd5 Bxd5 27. Rxd5 Rad8 28. Rfd1 c4 29. Bxe5 f6 30. Rxd8 Rxd8 31. Rxd8+ Bxd8 32. Bd4 Kf7 33. Kg1 Ke6 34. Kf2 g6 35. f4 Kf5 36. Kf3 h5 37. g3 Bc7 38. b3 g5 39. fxg5 fxg5 40. a4 Bd8 41. axb5 axb5 42. bxc4 bxc4 43. Bc5 g4+ 44. Ke3 Bc7 45. Kf2 Ke4 46. Bb4 Be5 47. Ba5 Bf6 48. Bb4 Bg5 49. Ke2 h4 50. gxh4 Bxh4 51. Bf8 Bf6 52. Bb4 Be5 53. Ba5 Bf4 54. Bb6 Kd5 55. Bd8 Ke4 56. Bb6 Be5 57. Ba5 g3 58. Bb4 Bf6 59. Bd6 Bh4 60. Bb8 g2 61. Bh2 Bf6 62. Kf2 Bxc3 63. Kxg2 Ke3 64. Bd6 Kd2 65. Kf3 Kxc2 66. Ke4 Kb3 67. Bf4 Bf6 68. Bd2 Be7 69. Kd5 Bb4 70. Bc1 Be1 71. Kd4 Bf2+ 72. Ke4 Bh4 73. Kd4 Bf6+ 74. Ke4 c3 75. Kd3 c2 76. Bd2 Kb2 77. Bh6 Kb1 78. Bf4 Bb2 79. Kc4 Bc1 80. Bd6 Bg5 81. Ba3 Be7 0-1